000 01523cam a22004574i 4500
003 PE-LiUPU
005 20250731173541.0
008 150616s r 000 0 d
020 _a0801056926
035 _a(Sirsi) i9780801056925
040 _aPE-LiUPU
_bspa
_cPE-LiUPU
_erda
049 _aPRUA
082 0 4 _a200
_bL98
_221
100 1 _aLuter, Boyd,
_eautor.
245 1 0 _aTruthful Living.
264 1 _aGrand Rapids, Michigan :
_bBaker Book House Company,
_c1994.
300 _a200 páginas ;
_c21 centímetros
336 _atext
_2rdacontent
337 _aunmediated
_2rdamedia
338 _avolume
_2rdacarrier
505 0 _aThe delicate balance of truth and love.- The authoritative handbook for recovery.- The biblical basis of recovery.- The process of biblical recovery.
526 _aSEG42
526 _aSEG41
526 _aSEG40
526 _aSEG39
526 _aP94
526 _aP87
526 _aP86
526 _aP85
526 _aP77
526 _aP76
526 _aP35
650 0 4 _aCRISTIANISMO.
910 _ajck
_bjvq
_cjck
942 _2ddc
_cBOOK
949 _a200 L98
_wDEWEY
_c1
_i42596
_lCCODEBUL1
_mBUL
_r0
_sY
_tBOOK
_u2015-6-16
_xTEOLOGIA
_zUNKNOWN
_0COMPRA
_o.STAFF. Colección General
994 _aC0
_bPEPRU
596 _a1
999 _a200 L98
_wDEWEY
_c60433
_i42596
_f2021-11-11
_g5
_lCCODEBUL1
_mBUL
_r0
_sY
_tBOOK
_u2015-6-16
_xTEOLOGIA
_zUNKNOWN
_0COMPRA
_o.STAFF. Colección General
_d60433
980 _81
_gALBERTO SANCHEZ Responsable de Automatización